000 00506nam a2200229Ia 4500
008 210210b2007 xxu||||| |||| 00| 0 eng d
020 _a9788184110982
041 _aeng
082 _a070.1 SRIM
100 _aSRINIVASAN (H S)
245 _aMass media in new world order
260 _aNew Delhi
_bPearl Books
_c2007
300 _a272
650 _aworld
650 _aorder
650 _anew
650 _amedia
650 _aMass
650 _ain
690 _aJournalism
906 _a063042
999 _c131684
_d131684